| 000 | 00647nam a2200181Ia 4500 | ||
|---|---|---|---|
| 008 | 090124s9999 xx 000 0 und d | ||
| 082 | _b31656 | ||
| 100 | _a"पै, डॉ. सौ. किशोरी सुरेंद्र" | ||
| 245 | _a मूत्रविकार | ||
| 250 | _a1 | ||
| 260 |
_bराजा प्रकाशन _c1993 |
||
| 300 | _a72 | ||
| 600 | _a"पै, डॉ. सौ. किशोरी सुरेंद्र" | ||
| 630 | _a मूत्रविकार | ||
| 700 | _a"पै, डॉ. सौ. किशोरी सुरेंद्र" | ||
| 730 | _a मूत्रविकार | ||
| 942 | _cBOOK | ||
| 999 |
_c97730 _d97730 |
||